000 00791nam a22002297a 4500
999 _c20393
_d20393
003 AR-CdUCM
008 190529b ||||| |||| 00| 0 spa d
040 _aMUNICIPALIDAD PROVINCIAL DEL CUSCO
_cBIBLIOTECA MUNICIPAL DEL CUSCO
082 _a581.8 /
_bE78
100 _aEsau, Katherine
_942647
245 _aAnatomia vegetal /
260 _aBarcelona :
_bOmega,
_c1959.
300 _a229 páginas ;
_bFotografias, imagenes
_c26 cm.
505 _aContenido : El cuerpo de la planta -- El protoplasto -- La membrana celular -- Meristemos y diferenciación de tejidos...
650 _aDesarrollo de la planta
_942648
650 _aMembranas
_942649
650 _aCélulas
_918534
650 _aSemillas
_921520
700 _aPons Rosell, Jose
_942650
942 _2ddc
_cLIBROS
945 _arcc